| 000 | 00824nam a22002297a 4500 | ||
|---|---|---|---|
| 999 |
_c6454 _d6454 |
||
| 003 | AR-CdUCM | ||
| 008 | 190315b ||||| |||| 00| 0 spa d | ||
| 020 | _a978-1-4031-4684-7 | ||
| 040 |
_aMUNICIPALIDAD PROVINCIAL DEL CUSCO _cBIBLIOTECA MUNICIPAL DEL CUSCO |
||
| 041 | _heng | ||
| 082 |
_a080 / _bH85 |
||
| 100 |
_aHubbard, Ronal L. _918228 |
||
| 245 | _aIntroducción a la ética de scientology / | ||
| 260 |
_aCalifornia : _bBridge publications, _c2007. |
||
| 300 |
_a513 paginas ; _bIlustraciones, _c24.5 cm. |
||
| 505 | _aLos fundamentos de la ética -- Ética, justicia y las dinámicas -- Las estadísticas y las condiciones de la existencia -- Las formulas de las condiciones ... | ||
| 650 |
_aÉtica _91337 |
||
| 650 |
_aJusticia _97448 |
||
| 650 |
_aHonestidad _917071 |
||
| 942 |
_2ddc _cLIBROS |
||
| 945 | _aacv | ||